Statistics for anime explained by a only shonen watcher

Click here to take the quiz!

General Stats

  • This quiz has been taken 162 times
    (160 since last reset)
  • The average score is 4 of 50

Answer Stats

HintAnswer% Correct
a 11 year old boy goes looking for his dadHunterXHunter
83%
pianist only help into music diesYour lie in april
65%
japanese swordsman gets into barfight then looks for someone that smells like a flower.Samurai champloo
31%
bro and sis lose a chess game and become addictsNo Game No Life
30%
the unsuccessful pokemondigimon
20%
this anime first makes u scared then laugh ur ass off and then it ends with u in tears...should have just let him blow up the whole moon :(assassination classroom
19%
historical figures have a battle royal for a fancy cupFate
18%
realistic basketballslam dunk
17%
thirsty gang bike leader becomes teacher to get da poosGreat Teacher Onizuka
16%
oke hear me out... so like. this gang of bad guys arent actually bad guys and 1 of em seduces like the princess and 1 of em has eternal life cus of a 10 year old girl and 1 was fat af but is now so small he floats on his sword and u already know at this point wich it is so ur reading this even though there wont be anymore hints given, wtf are u doing stop reading and answer already jeez, youre quite clingy arent you? maybe a coffee later? ;)7 deadly sins
14%
a family that likes punching peopleJojo
13%
whatever you...do not make him go 100% on youMob Psycho 100
11%
screaming kid is the only one in the class that doesnt get a bookblack clover
8%
one day ur a student, next day ur raising a demon babyBeelzebub
7%
hajimino ippo but cyborgsMegalo Box
7%
5 criminals have their fetishes come trueprison school
7%
thirsty kid writes manga to get da poos famBakuman
6%
you thought free was gay? u thought yuri was gay? aint even close to this babyboku no pico
6%
what a muslim battle royal would bebtooom
5%
oceankids go to school on land.Nagi no asukara
5%
this asshole tries to make it up to a deaf girlKoe no Katachi
4%
if captain toad was an animeMade in Abyss
4%
kid with memory loss gets a crush in a school he just moved toGolden Time
3%
college kid tries to be bad college kidGrand Blue
3%
this Hikikomori and his hatsune miku pc gf needs to go outside and gets to be a hostageMekakucity Actors
3%
penguin...yes its an animePingu in the City
3%
if you seem sketchy your head gets blown off...so dont be sketchyPsycho-Pass
3%
this kid who can draw becomes annoying and gets banished to an islandBarakamon
2%
magician becomes jewel thiefMagic Kaito
2%
6 brats fuck aroundMr. Osomatsu
2%
ungrateful mindreader attracts autistsSaiki Kusuo no Ψ-nan
2%
30 year old single guy finds out he has a 10 year old auntUsagi Drop
2%
otaku rides bikeYowamushi Pedal
2%
dumbass girls all diecorpse party
1%
so imagine you are thresh and u like lost your girl, u can get her back but like she will forever be stuck in ur lantern unless u get an exorcist. oke imagine that but in a animeD.Gray-man
1%
kid who can summon limbs of god fights aliensInazuma Eleven
1%
delusional exorcistMononoke
1%
a prince gets a booboo from a bear and looks for treatment but gets stopped by a treehuggerMononoke Hime
1%
intergalactic need for speedred line
1%
one goes rawr and the other's foot gives good lucktiger and bunny
1%
2 girls (probably) got high of shrooms see a huge bunny and play with himTonari no Totoro
1%
boys being boysDanshi Koukousei no Nichijou
0%
kid that throws balls in a weird way gets scouted to a prestigious schooldiamond no ace
0%
dog gang fight bearGinga Nagareboshi Gin
0%
mastermind alien hides in earth to destroy and conquer itKeroro Gunsou
0%
kids with lifesize mechs beat the shit out of eachotherMedabots
0%
guy contemplates life cus of the most lazy things in the universeMushishi
0%
youkai watch...but without the watch...Natsume Yuujinchou
0%
sims city irlshelter
0%
orphans have house arrestYakusoku no Neverland
0%

Score Distribution

Percentile by Number Answered

Percent of People with Each Score

Your Score History

You have not taken this quiz since the last reset